000
00267nam a2200097Ia 4500
008
120527s9999 xx 000 0 und d
100
_a
Kalilu,Rom R.O
245
_a
Cultism on the Nigerian campus:Perspective from art and history.
260
_b
SOF and Co.
942
_c
BK
999
_c
20315
_d
20315